| 000 | 00565nam a2200193 a 4500 | ||
|---|---|---|---|
| 001 | 31 | ||
| 003 | CDMR | ||
| 005 | 20131024103657.0 | ||
| 008 | 130130s1975||||||||||||||||||||||||||||d | ||
| 040 |
_aCDMR _bcat _cCDMR |
||
| 100 | 1 |
_aCampo Vidal, Manuel _932 |
|
| 245 | 1 | 0 |
_a"Simplemente María" y su repercusión entre las clases trabajadoras _cManuel J. Campo |
| 260 |
_aBarcelona _c1975 _bAvance |
||
| 300 |
_a141 p ; _c20 cm |
||
| 490 | 0 |
_aSerie Popular (Avance) _v1 |
|
| 650 | 0 | 4 |
_aRàdio _xAspectes socials _92801 |
| 650 | 0 | 4 |
_aRàdio _xProgramació _91724 |
| 942 |
_cMON _2udc |
||
| 999 |
_c31 _d31 |
||